Statistics for Top 10 Scottish PL appearances maker

Click here to take the quiz!

General Stats

  • This quiz has been taken 8 times
  • The average score is 3 of 10

Answer Stats

HintAnswer% Correct
269Ferguson
80%
325Mcallister
60%
311Fletcher
60%
235Weir
60%
247Sullivan
20%
319Telfer
0%
305Morrison
0%
276Matteo
0%
246Bardsley
0%
224Gemmill
0%

Score Distribution

Percentile by Number Answered

Percent of People with Each Score

Your Score History

You have not taken this quiz